000 00456nam a2200193Ia 4500
005 20240823051729.0
008 240823s9999||||xx |||||||||||||| ||und||
020 _a978-81-8449-308-5
041 _aTAMIL
082 _A371.3081 Q2
100 _aRajaram M
245 0 _aThervil Adhiga Madhippengal Peruvadhu Eppadi
250 _a1st
260 _c2012
_bSura Pathip
500 _aYES
650 _aGeneral
_bGeneral
942 _cBK
999 _c220247
_d220247